000 00907nam a22002297a 4500
005 20110218150338.0
008 110218t xxu||||| |||| 00| 0 mar d
010 _aMAR-20600
020 _a81861521008
_c250.00
035 _aMR-13258
037 _bDBAD / PUB
040 _aDPL
_bMR
082 _a921
100 _aचव्हाण,नीलकांत
_926086
245 _aइरलं /
_cनीलकांत चव्हाण
246 _aErla
_bby Neelkant Chavan
260 _aपुणे
_bसुविद्या प्रकाशन
_c2010
270 _a149,शनिवार पेठ
_bपुणे
_e411030
300 _a239पृ.
_b21सेमी(अजिल्द)
942 _2ddc
_cMR
_h921
_mचव्हाण
999 _c50668
_d50668